000 00303nam a22001337a 4500
008 170502b xxu||||| |||| 00| 0 eng d
020 _a9780138482435
041 _aeng
080 _23 ED
_a343.9
100 _a 13
101 _aSHJ
245 _aCRIMINAL JUSTICE
_cSCHMALLEGER.F.
942 _2udc
_cBK
999 _c12384
_d12384